Mesozoic creatures by meaning of name - Statistics

General Stats
  • This quiz has been taken 39 times
  • The average score is 10 of 23
Answer Stats
Meaning of name Extinct Animal % Correct
Kronos' lizard Kronosaurus
92%
From Quetzalcoatl Quetzalcoatlus
85%
Wing without teeth Pteranodon
81%
Terrible crocodile Deinosuchus
77%
Ruling turtle Archelon
65%
Fish lizard Ichthyosaurus
65%
Attenborough's lizard Attenborosaurus
62%
Lizard from the Shoshone mountains Shonisaurus
62%
Flesh crocodile Sarcosuchus
58%
Two types of teeth Dimorphodon
54%
Wing finger Pterodactylus
54%
Smooth-sided tooth Liopleurodon
46%
Eye lizard Ophthalmosaurus
46%
Sabre crocodile Smilosuchus
46%
Earth lizard Geosaurus
42%
Almost a lizard Plesiosaurus
42%
Metal plate lizard Elasmosaurus
35%
Old one Tapejara
12%
Swollen lizard Tylosaurus
12%
Armoured Henodus
4%
Long snouted face Dolichorhynchops
0%
Flat wrist Platecarpus
0%
Three-tipped femur Trinacromerum
0%
No matching quizzes found
Score Distribution
Percent of People with Each Score
Percentile by Number Answered
Your Score History
You have not taken this quiz